000 00342nam a2200145 i 4500
001 bg
100 1 _aLOKK, W.
245 0 _aFizika castic promeżutocnych energij /
_cW. Lokk, D. Mizdej.
260 _aMoskwa,
_c1972.
700 1 _aMIZDEJ, D.
040 _cBPK
041 _apol
942 _cKS
008 s pl f |000 0 pol
999 _c15078
_d15078
856 _uhttp://koha.tu.koszalin.pl/cgi-bin/koha/opac-detail.pl?biblionumber=15078
_yKatalog online BPK